000 00571cam a22002291 4500
001 sa 68000288
003 DLC
005 20260227112422.0
008 941010q19581959np 000 1 newo
010 _asa 68000288
020 _cRe1
025 _aPL480:N-249
035 _a(OCoLC)31253479
040 _aDLC
_cCU
_dCU
_dTxU
_dDLC
042 _apremarc
050 0 0 _aAC125.N4
_bK3
100 1 _aKasā, Premabahādura,
_d1918-
245 1 0 _aNhūpukhū.
260 _aKāntipura :
_bCvasā Pāsā ;
_c[1958 or 9]
300 _a4, 43 p.
_c19 cm.
500 _aIn Newari.
999 _c77096
_d77096